000 00911nam a2200265Ia 4500
003 OSt
005 20220923211644.0
006 a|||||r|||| 00| 0
007 ta
008 220922b |||||||| |||| 00| 0 hin d
024 _a40,255
037 _cTextual
040 _aARTS
_cARTS
_bhin
041 _2hin
_ahin
082 _aO15,1:g(P), 152M6
100 _aकु0 सुषमा
_9161249
245 0 _aसंस्कृत अलंकार
_b उद्भव और विकास
246 _aSanskṛut alankāra: udbhav aur vikāsa
260 _aगााजियाबाद
_b इण्डो-विजन
_c1986
300 _a326पृ.
_ccm.
650 _a हिन्दी साहित्य
_9156264
650 _aसंस्कृत कविता
_9156350
942 _hO15,1:g(P), 152M6
_cTEXL
_2CC
999 _c302234
_d302234